000 00656nam a2200229Ia 4500
003 OSt
005 20220928114543.0
006 a|||||r|||| 00| 0
007 ta
008 220927b |||||||| |||| 00| 0 eng d
024 _a63501
037 _cTextual
040 _aSDCL
_cSDCL
_beng
041 _2eng
_aeng
082 _aY:1.2'N, P0
100 _aBharucha Rustom
_9439817
245 0 _aPolitics of cultural practice
_b thinking through theatre in an age of globalization.
260 _aLondon
_bAthlone press
_c2000
300 _ax,191p.
_ccm.
942 _hY:1.2'N, P0
_cTEXL
_2CC
999 _c755481
_d755481